书目信息 |
| 题名: |
无产阶级贫困化理论研究
|
|
| 作者: | 蒋学模 , 陶大镛 著 | |
| 分册: | ||
| 出版信息: | 北京 中国社会科学出版社 1981.2 |
|
| 页数: | 354页 | |
| 开本: | 19cm | |
| 丛书名: | ||
| 单 册: | ||
| 中图分类: | F034 | |
| 科图分类: | ||
| 主题词: | 资本主义社会--生产方式 | |
| 电子资源: | ||
| ISBN: | ||
| 000 | 00626nam0 2200205 45 | |
| 001 | 0304140945 | |
| 005 | 20060811180247.10 | |
| 010 | @dCNY1.05 | |
| 091 | @a4190.058 | |
| 100 | @a20030414d1981 km y0chiy0120 ea | |
| 101 | 0 | @achi |
| 200 | 1 | @a无产阶级贫困化理论研究@AWu Chan Jie Ji Pin Kun Hua Li Lun Yan Jiu@f蒋学模,陶大镛等著@FJiang Xue Mo,Tao Da Yong Deng Zhu |
| 210 | @a北京@c中国社会科学出版社@d1981.2 | |
| 215 | @a354页@d19cm | |
| 606 | 0 | @a资本主义社会@x生产方式 |
| 690 | @aF034@v3 | |
| 701 | 0 | @a蒋学模@4著 |
| 701 | 0 | @a陶大镛@4著 |
| 801 | @aCN@bTSTC@c20060811 | |
| 905 | @dF034@e9@f2@b58172-173@b118271@f1@f1@b118273 | |
| 无产阶级贫困化理论研究/蒋学模,陶大镛等著.-北京:中国社会科学出版社,1981.2 |
| 354页;19cm |
| ISBN :CNY1.05 |
| ● |
| 相关链接 |
|
|
|
|
正题名:无产阶级贫困化理论研究
索取号:F034/9
 
预约/预借
| 序号 | 登录号 | 条形码 | 馆藏地/架位号 | 状态 | 备注 |
| 1 | 0058172 | 001271625 | 第一借阅区/ [索取号:F034/9] | 在馆 | |
| 2 | 0058173 | 001271554 | 密集书库/ [索取号:F034/9] | 在馆 | |
| 3 | 0058174 | 001791715 | 密集书库/ [索取号:F034/9] | 在馆 | |
| 4 | 0118271 | 001270813 | 密集书库/ [索取号:F034/9] | 在馆 | |
| 5 | 0118272 | 001270822 | 第一样本阅览室/ [索取号:F034/9] | 在馆 | |
| 6 | 0118273 | 001270804 | 密集书库/ [索取号:F034/9] | 在馆 | |
| 7 | 0424373 | 204243737 | 密集书库/ [索取号:F034/9] | 在馆 | |
| 8 | 0440413 | 204404135 | 密集书库/ [索取号:F034/9] | 在馆 | |
| 9 | 0448843 | 204488438 | 密集书库/ [索取号:F034/9] | 在馆 |